Music Quiz

Random Music or Song Quiz

Colorful Songs Picture Click Quiz Stats

Quiz Updated Apr 5, 2018

Challenge
Share
Tweet
Score 0/12 Timer 05:00
2 Plays Today
% Correct
It's Not Easy Bein' GREEN
96.4%
Big YELLOW Taxi
96.2%
PURPLE Rain
94.7%
RED RED Wine
93.7%
BLUE Suede Shoes
92.2%
WHITE Rabbit
90%
Fade to BLACK
89.3%
BROWN Eyed Girl
88.6%
ORANGE Crush
82.1%
SILVER Bells
80.6%
PINK Cadillac
77.3%
Being BEIGE
65.9%

You're not logged in!

Compare scores with friends on all Sporcle quizzes.
Join for Free
OR
Log In

You Might Also Like...

Show Comments

Extras

Top Quizzes Today


Score Distribution

Your Account Isn't Verified!

In order to create a playlist on Sporcle, you need to verify the email address you used during registration. Go to your Sporcle Settings to finish the process.

Report this User

Report this user for behavior that violates our Community Guidelines.

Details: